000 00509nam a2200181 a 4500
005 20240803063819.0
008 991125s1972 mx 000 0 spa u
035 _aUPN01000002907
049 _aCG
050 4 _aPT2667 R3
_bA5.58
100 1 _aGrass, Günter,
_d1927-2015
_928375
245 1 0 _aAnestesia local /
_cGünter Grass ; tr. Carlos Gerhard.
260 _aMéxico :
_bJ. Mortiz,
_c1972.
300 _a333 p
440 0 _aNovelistas contemporáneos
650 4 _aNovela alemana
_911856
905 _aLibro
999 _c2907
_d2907